00441nam a22001577a 450000500170000001000150001702000260003203500140005803700130007208200110008510000260009624500470012226000440016927000500021330000200026320170508111650.0 aENG-117823 a9788190693271c300.00 aEN-101355 bDBAD/PUB a485.25 aSharma, Pavitra Kumar aEnglish- hindi grammar /cby Sunita Pareek aDaryanganjbAkash Ganga Prakashanc2012 a4760-61,23, Ansari Road, Daryaganj, New Delhi a133pc21cm.(Hb)